00277nam a2200121Ia 4500008004100000041000900041082001900050100001800069245002000087260003200107300000800139650000800147230718s9999 xx 000 0 und d aEng. a3474206bSIN-L aSingh, Avatar 0aLaw of Evidence aPakistanbManzoor Lawc2010 a585 aLaw